00731 2200265 4500001002100000005001700021008004100038020002200079035002400101040001200125082001200137084001800149084001700167100001600184245007100200250001000271260003300281300003200314504002900346650002100375700001800396850001200414990002100426990001800447YOGYA-0511000000059020170323095237.0 ind  a978-602-978-472-5 0010-051100000000590 aYOPDYOG 223a001 aDEP 001 Ibn B aPK 001 Ibn B aIBNU KHALIS aBuku pintar segala asal-usulc/ Ibnu Khalis; editor, Dion Yulianto aCet.1 aYogyakartabDiva Pressc2011 a128 hlm.b: ilus.c; 23 cm. aBibliografi hlm. 126-128 aPengetahuan Umum aDion Yulianto aYOPDYOG aCB-D.11/2011-130 a53711-PD/A.17